Cuestión chileno boliviana: Esposición del Ministro de Relaciones Esteriores de Chile sobre los motivos que justifican la reivindicación del territorio comprendido entre los paralelos 23 y 24 latitud Sur
Saved in:
| Hovedforfatter: | |
|---|---|
| Format: | Bog |
| Sprog: | spansk |
| Udgivet: |
Valparaíso
Imprenta de La Patria, Calle del Almendro, número 6
1879
|
| Udgivelse: | 1a. ed |
| Fag: | |
| Tags: |
Tilføj Tag
Ingen Tags, Vær først til at tagge denne postø!
|
MARC
| LEADER | 00000nam a2200000 a 4500 | ||
|---|---|---|---|
| 001 | UCJ4499 | ||
| 003 | CL-VaPUC | ||
| 008 | 070124e18790000CL |||||||||||||||||spa|d | ||
| 082 | 0 | 4 | |a 983 |b FIE |2 21 |
| 100 | 0 | |a Fierro, Alejandro |e author |9 508358 | |
| 245 | 1 | 0 | |a Cuestión chileno boliviana: Esposición del Ministro de Relaciones Esteriores de Chile sobre los motivos que justifican la reivindicación del territorio comprendido entre los paralelos 23 y 24 latitud Sur |
| 250 | |a 1a. ed | ||
| 300 | |a 96 p | ||
| 942 | |c BK | ||
| 945 | |d 20070124 00:00:00 |a rinostro | ||
| 260 | |a Valparaíso |b Imprenta de La Patria, Calle del Almendro, número 6 |c 1879 | ||
| 500 | |a La copia 1 se encuentra empastada junto a otras 15 monografías en un volumen rotulado Historia de Chile, 983 URZ; la copia 2 se encuentra empastada en un volumen rotulado Varios 983 | ||
| 600 | 0 | 7 | |a ZENTENO, NICANOR |2 CL-VaPUC |9 508359 |
| 600 | 0 | 7 | |a AGUIRRE, CESAREO |2 CL-VaPUC |9 508360 |
| 600 | 0 | 7 | |a VIDELA, PEDRO NOLASCO |2 CL-VaPUC |9 508361 |
| 600 | 0 | 7 | |a FRIAS, TOMAS |2 CL-VaPUC |9 508362 |
| 650 | 0 | |a Historia de Chile |9 265473 | |
| 650 | 0 | |a Guerra del Pacífico |9 314886 | |
| 650 | 0 | |a Diplomacia |9 256483 | |
| 650 | 7 | |a DOCUMENTOS |2 CL-VaPUC |9 366450 | |
| 650 | 7 | |a FUENTES |2 CL-VaPUC |9 255666 | |
| 650 | 7 | |a TRATADO DE LIMITES |2 CL-VaPUC |9 508363 | |
| 583 | |a last modification |c 20070124 00:00:00 |k Rodrigo Vera | ||
| 999 | |c 320615 |d 320613 | ||
| 952 | |0 0 |1 0 |4 0 |6 983_000000000000000_FIE_1879 |7 0 |8 X |9 399165 |a FDOBUD |b FDOBUD |d 2019-11-22 |i 1020102 |o 983 FIE 1879 |p 1020102 |r 2019-11-22 |w 2019-11-22 |y BK_X |k BUD | ||
| 952 | |0 0 |1 0 |4 0 |6 983_000000000000000_FIE_1879 |7 0 |8 X |9 399166 |a FDOBUD |b FDOBUD |d 2019-11-22 |i 1047485 |o 983 FIE 1879 |p 1047485 |r 2019-11-22 |w 2019-11-22 |y BK_X |k BUD | ||